000
00333 a2200145 4500
001
156922
020
_a
97885100419111
040
_c
Escola São Tomás de Aquino
100
_a
RENNÓ, Regina
240
1
0
_a
Quer ficar comigo?
_l
por
245
1
0
_a
Quer ficar comigo?
300
_a
40 p.
697
_a
Educação sexual
942
_c
BK
999
_c
156922
_d
156922